Statistics for Isle of Man A-Z

Click here to take the quiz!

General Stats

  • This quiz has been taken 43 times
  • The average score is 18 of 26

Answer Stats

#ClueAnswer% Correct
ISea in which the Isle of Man is located{Irish} Sea
100%
DCapitalDouglas
97%
EOfficial languageEnglish
94%
CIsland directly southwest of the Isle of Man{Calf} of Man
91%
X
Type of Gaelic that is spoken on the Isle of Man
Ends on X
{Manx}-Gaelic
86%
WSort of Kangaroo that lives wild on the Isle of ManRed-necked {Wallaby}
86%
KLower House of the ParliamentHouse of {Keys}
83%
L
Title of the Ruler
{Lord} of Mann
83%
SHighest MountainSnaefell
83%
VGaelic Name of the Isle of ManEllan {Vannin}
80%
PBig Castle in the West of the Isle of Man{Peel} Castle
80%
R
In the language of this Empire the Island was
called "Insula Manavia"
{Roman} Empire
77%
ALargest christian denominationAnglican
74%
UPopular SportRugby {Union}
74%
TLocal parliamentTynwald
74%
N
Kingdom which the Isle of Man indirectly was
part of until the 13th Century
Norway
66%
BAnthem
"Arrane Ashoonagh Vannin"
"O Land of Our {Birth}"
66%
ZMonarch
Contains a Z
Elizabeth II
63%
MCeltic sea god after whom the Island is namedManannán
60%
HNational dishSpuds and {Herrin}
57%
OSecond largest settlementOnchan
49%
FLegendary Giant who created the Isle of
Man by throwing a piece of land that was
where now the Lough Neagh is
{Fionn} mac Cumhaill
43%
J
Title of the Rulers of the Kingdom of the Isles
Scandinavian Form (English version works
too but does start with E)
Jarl
31%
Q
Motto:
"Wherever you throw it, it shall stand"
{Quocunque} Jeceris, Stabit
23%
GLieutenant governorRichard Gozney
17%
YGaelic name for #Cyn Cholloo
17%

Score Distribution

Percentile by Number Answered

Percent of People with Each Score

Your Score History

You have not taken this quiz